Southville International School and Colleges
Your cart is empty.
  • Cart
  • Lists
    Public lists Eva Luna New books Lux_list list_1
    Your lists Log in to create your own lists
  • Log in to your account
  • Your cookies
  • Search history
Southville International School and Colleges
  • Advanced search
  • Recent comments
  • Most popular
  • Libraries

Log in to your account

Log in with GOOGLE


If you do not have an external account, but do have a local account, you can still log in:

  1. Home
  2. MARC view: Earthquakes :
Normal view MARC view ISBD view

Earthquakes : (Record no. 104268)

[ view plain ]
MARC details
000 -LEADER
fixed length control field 00450nam a2200169 a 4500
005 - DATE AND TIME OF LATEST TRANSACTION
control field 20140412111317.0
008 - FIXED-LENGTH DATA ELEMENTS--GENERAL INFORMATION
fixed length control field 010416s19uu xx 00 eng d
020 ## - INTERNATIONAL STANDARD BOOK NUMBER
International Standard Book Number 0-11-884066-5
050 ## - LIBRARY OF CONGRESS CALL NUMBER
Classification number M 551.2
Item number V274 1983
100 ## - MAIN ENTRY--PERSONAL NAME
Personal name van Rose, Susanna
245 ## - TITLE STATEMENT
Title Earthquakes :
Remainder of title Geological museum /
Statement of responsibility, etc Susanna van Rose.
260 ## - PUBLICATION, DISTRIBUTION, ETC. (IMPRINT)
Place of publication, distribution, etc [s.l.] :
Name of publisher, distributor, etc [s.n.],
Date of publication, distribution, etc [n.d.]
300 ## - PHYSICAL DESCRIPTION
Extent 36p. ; ill.
650 ## - SUBJECT ADDED ENTRY--TOPICAL TERM
Topical term or geographic name as entry element Earthquakes
Holdings
Withdrawn status Lost status Damaged status Use restrictions Home library Current library Shelving location Date acquired Source of acquisition Total Checkouts Full call number Barcode Date last seen Price effective from Koha item type
        Elizalde Library Elizalde Library Main Section 04/20/2001     M 551.2 V274 1983 E7238 04/12/2014 04/12/2014 Books
        Elizalde Library Elizalde Library Main Section 04/17/2002     M 551.2 V274 1983 E0561 04/12/2014 04/12/2014 Books

Earthquakes :

APA

van Rose S., .Earthquakes. [s.l.]: [s.n.].

Chicago

van Rose Susanna, .Earthquakes. [s.l.]: [s.n.].

Harvard

van Rose S., .Earthquakes. [s.l.]: [s.n.].

MLA

van Rose Susanna, .[s.l.]: [s.n.]. .

  • Place hold
  • Print
  • Cite
  • Add to your cart (remove)
  • Save record
    BIBTEX Dublin Core MARCXML MARC (non-Unicode/MARC-8) MARC (Unicode/UTF-8) MARC (Unicode/UTF-8, Standard) MODS (XML) RIS
  • More searches
    Search for this title in:
    Other Libraries (WorldCat) Other Databases (Google Scholar) Online Stores (Bookfinder.com) Open Library (openlibrary.org)

Exporting to Dublin Core...

SOUTHVILLE LIBRARY

Southville International School and Colleges Library

1281 Tropical Ave. Cor. Luxembourg St., BF Homes International, Las Pinas City

Tel. No. 8256374 / 252358 Loc. 117/146

Powered by Koha